| 000 | 00464cam a2200181ua 4500 | ||
|---|---|---|---|
| 001 | 10530 | ||
| 008 | 190313n ii |||gr||||Z||||||eng | ||
| 020 | _a9788125046530 | ||
| 040 | _cMAIN | ||
| 082 | _a954.162 | ||
| 100 |
_aPriyam Goswami, _eAuthor. |
||
| 245 |
_aThe history of assam _bfrom yandabo to partition 1826-1947 |
||
| 250 | _a1st rep. | ||
| 260 |
_aHyderabad: _borient blackewan, _c2018. |
||
| 300 | _a300p. | ||
| 653 | _aSouth Asia India | ||
| 942 | _cBK | ||
| 999 |
_c9511 _d9511 |
||